States Without Big Cities - Statistics

General Stats
  • This quiz has been taken 95 times
  • The average score is 12 of 16
Answer Stats
Answer % Correct
Vermont
90%
Maine
87%
South Dakota
87%
Wyoming
87%
North Dakota
86%
Rhode Island
85%
New Hampshire
84%
Montana
83%
Delaware
78%
West Virginia
77%
Arkansas
70%
Connecticut
70%
South Carolina
67%
Iowa
64%
Utah
64%
Mississippi
60%
No matching quizzes found
Score Distribution
Percent of People with Each Score
Percentile by Number Answered
Your Score History
You have not taken this quiz